000
00212nam a22000857a 4500
008
170202b xxu||||| |||| 00| 0 eng d
100
_9
2742
_a
Aggarwal.M.L.
245
_a
Mathematics-QB-X
260
_a
New Delhi
_b
APC
_c
2010
999
_c
5918
_d
5918